000 00342nam a22001457a 4500
003 SGT
020 _a978-81-971017-2-4
082 _a615.19
_bSHA
100 _aSHARMA, DR. BHAWANA
245 _aTEXTBOOK OF MEDICINAL CHEMISTRY
260 _aINDIA
_bAITBS PUB.
_c2025
300 _a404
650 _aMEDICINAL CHEMISTRY
942 _2ddc
_cBK
999 _c32923
_d32923